Disziplinen, in denen Deutschland bei den OS 2024 Medaillen gewannen - Statistiken

Allgemein
  • Dieses Quiz wurde 42 mal gespielt
  • Das Durchschnittsergebnis liegt bei 19 aus 33
Antwortstatistiken
Name Sportart % Korrekt
Rune Dahmke
Justus Fischer
Johannes Golla
Marko Grgić
Kai Häfner
Sebastian Heymann
Tim Hornke
Juri Knorr
Jannik Kohlbacher
Julian Köster
Lukas Mertens
David Späth
Christoph Steinert
Renārs Uščins
Luca Witzke
Andreas Wolff
Handball
86%
Svenja Brunckhorst
Sonja Greinacher
Marie Reichert
Elisa Mevius
Basketball
83%
Nicole Anyomi
Ann-Katrin Berger
Jule Brand
Klara Bühl
Sara Doorsoun
Vivien Endemann
Laura Freigang
Merle Frohms
Giulia Gwinn
Marina Hegering
Kathrin Hendrich
Sarai Linder
Sydney Lohmann
Janina Minge
Sjoeke Nüsken
Alexandra Popp
Felicitas Rauch
Lea Schüller
Bibiane Schulze Solano
Elisa Senß
Fußball
78%
Jessica von Bredow-Werndl Reiten
78%
Jessica von Bredow-Werndl
Frederic Wandres
Isabell Werth
Reiten
78%
Christian Kukuk Reiten
78%
Michael Jung Reiten
78%
Isabell Werth Reiten
78%
Lukas Märtens Schwimmen
78%
Oliver Klemet Schwimmen
78%
Isabel Gose Schwimmen
78%
Oliver Zeidler Rudern
75%
Maren Völz
Tabea Schendekehl
Leonie Menzel
Pia Greiten
Rudern
75%
Yemisi Ogunleye Leichtathletik
67%
Leo Neugebauer Leichtathletik
67%
Malaika Mihambo Leichtathletik
67%
Alexandra Burghardt
Lisa Mayer
Gina Lückenkemper
Rebekka Haase
Sophia Junk
Leichtathletik
67%
Miriam Butkereit Judo
64%
Tim Hellwig
Lisa Tertsch
Lasse Lührs
Laura Lindemann
Triathlon
61%
Jean-Paul Danneberg
Mats Grambusch
Tom Grambusch
Johannes Große
Malte Hellwig
Teo Hinrichs
Paul-Philipp Kaufmann
Moritz Ludwig
Marco Miltkau
Hannes Müller
Mathias Müller
Gonzalo Peillat
Thies Prinz
Christopher Rühr
Niklas Wellen
Justus Weigand
Lukas Windfeder
Martin Zwicker
Hockey
56%
Nils Ehlers Clemens Wickler Beachvolleyball
53%
Michelle Kroppen Florian Unruh Bogenschießen
53%
Nelvie Tiafack Boxen
53%
Esther Henseleit Golf
53%
Darja Varfolomeev Rhythmische Sportgymnastik
44%
Lea Sophie Friedrich Bahnradsport
22%
Lea Sophie Friedrich
Pauline Grabosch
Emma Hinze
Bahnradsport
22%
Elena Lilik Kanuslalom
19%
Noah Hegge Kanuslalom
19%
Max Lemke Jacob Schopf Kanurennsport
14%
Max Rendschmidt
Max Lemke
Jacob Schopf
Tom Liebscher-Lucz
Kanurennsport
14%
Paulina Paszek
Jule Hake
Pauline Jagsch
Sarah Brüßler
Kanurennsport
14%
Paulina Paszek Jule Hake Kanurennsport
14%
Keine übereinstimmenden Quizze gefunden
Verteilung der Resultate
Anzahl Personen mit jedem Resultat
Perzentil nach korrekt beantworteten Fragen
Ihre Resultats-Entwicklung
Sie haben dieses Quiz noch nicht gespielt